000
00391nam a2200133Ia 4500
008
151001s9999||||xx |||||||||||||| ||und||
100
_a
अर्चना वर्टीकर
245
_a
रिकामी ओंजळ
250
_a
1
260
_b
चेतन्य प्रकाशन कोल्हापूर
260
_c
2005
300
_a
159
365
_b
18
999
_c
985048
_d
985045